Normal view MARC view
  • Conference on Improved Street Utilization Through Traffic Engineering,

Entry Meeting Name

Number of records used in: 1

001 - CONTROL NUMBER

  • control field: 20719

003 - CONTROL NUMBER IDENTIFIER

  • control field: NUST

005 - DATE AND TIME OF LATEST TRANSACTION

  • control field: 20190916060002.0

008 - FIXED-LENGTH DATA ELEMENTS

  • fixed length control field: 190916|| aca||aabn | a|a d

040 ## - CATALOGING SOURCE

  • Original cataloging agency: NUST
  • Transcribing agency: NUST

111 ## - HEADING--MEETING NAME

  • Meeting name or jurisdiction name as entry element: Conference on Improved Street Utilization Through Traffic Engineering,
  • Location of meeting: Washington, D.C.,
  • Date of meeting: 1967.

670 ## - SOURCE DATA FOUND

  • Source citation: Work cat.: (NUST)0: Conference on Improved Street Utilization Through Traffic Engineering, Washington, D.C., 1967., Improved street utilization through traffic engineering;, 1967.
© 2023 Central Library, National University of Sciences and Technology. All Rights Reserved.